| 000 | 00877pam a2200241 a 4500 | ||
|---|---|---|---|
| 001 | 707776 | ||
| 003 | OSt | ||
| 005 | 20240625105028.0 | ||
| 008 | 970313s1997 mauab b 001 0 eng | ||
| 020 | _a086542439X | ||
| 040 |
_aDDC _cMUST |
||
| 082 | 0 | 0 |
_a333.95 PER 1997 _219 |
| 100 | 1 |
_aPerlman, Dan L. _917760 |
|
| 245 | 1 | 0 |
_aBiodiversity : _bexploring values and priorities in conservation / _cDan L. Perlman, Glenn Adelson ; [foreword by Edward O. Wilson]. |
| 260 |
_aMalden, Mass. : _bBlackwell Science, _cc1997. |
||
| 300 |
_aix, 182 p. : _bill. (some col.), maps ; _c26 cm. |
||
| 504 | _aIncludes bibliographical references and index. | ||
| 650 | 0 |
_aBiodiversity. _91737 |
|
| 650 | 0 |
_aBiodiversity conservation. _917761 |
|
| 700 | 1 |
_aAdelson, Glenn. _917762 |
|
| 942 |
_2ddc _cO_SHELF |
||
| 999 |
_c8792 _d8792 |
||